Spell the Marvel Character #166 - Statistics

General Stats
  • This quiz has been taken 14 times
  • The average score is 6 of 7
Answer Stats
Picture Answer % Correct
Ant-Man
100%
Rogue
100%
Adam Warlock
92%
Karnak
85%
Kingo
85%
Namora
77%
Krugarr
69%
No matching quizzes found
Score Distribution
Percent of People with Each Score
Percentile by Number Answered
Your Score History
You have not taken this quiz